| 000 | 01733nam a2200325 i 4500 | ||
|---|---|---|---|
| 001 | ocn1088529439 | ||
| 003 | EG-ScBUE | ||
| 005 | 20260408092846.0 | ||
| 008 | 190221s2020 nyua f b 001 0 eng d | ||
| 020 | _a9781138226630 | ||
| 035 | _a(OCoLC)ocn1088529439 | ||
| 035 | _a(YBP)16070686 | ||
| 040 |
_aDLC _beng _erda _cDLC _dOCLCO _dOCLCF _dYDX _dPUL _dYUS _dDLC _dEG-ScBUE |
||
| 082 | 0 | 4 |
_a720.103 _222 _bSTO |
| 100 | 1 |
_aStone, Sally, _eauthor. |
|
| 245 | 1 | 0 |
_aUndoing buildings : _badaptive reuse and cultural memory / _cSally Stone. |
| 264 | 1 |
_aNew York, NY : _bRoutledge, _c2020. |
|
| 300 |
_axvii, 249 pages : _billustrations ; _c25 cm |
||
| 336 |
_atext _btxt _2rdacontent |
||
| 337 |
_aunmediated _bn _2rdamedia |
||
| 338 |
_avolume _bnc _2rdacarrier |
||
| 504 | _aIncludes bibliographical references and index. | ||
| 505 | 0 | _aReading and recognition : landmarks of memory -- The perception of the past : the task of the translator -- Site specific art : unintentional monuments -- The problem of obsolete buildings: a society can only support so many museums -- Memory and anticipation : the existing building and the expectations of the new users -- Conservation : a future orientated movement focussing on the past -- Sustainable adaptation -- Spatial agency or taking action -- Smartness and the impact of the digital -- On taking away -- On making additions : assemblage, memory and the recovery of wholeness -- Itinerant elements -- Nearness and thinking about details. | |
| 650 | 7 |
_aArchitecture _xConservation and restoration. _2BUEsh |
|
| 650 | 7 |
_aBuildings _xRemodeling for other use. _2BUEsh |
|
| 650 | 7 |
_aArchitecture and society. _2BUEsh |
|
| 653 |
_cApril2026 _bART |
||
| 655 | _vReading book | ||
| 942 |
_2ddc _cBB |
||
| 999 |
_c31187 _d31158 |
||